| 000 | 00359nam a2200133Ia 4500 | ||
|---|---|---|---|
| 008 | 240624s9999 xx 000 0 und d | ||
| 041 | _aeng | ||
| 082 | _a658.4 MCN | ||
| 100 | _aMCNAUGHTON ROD B | ||
| 245 | _aENTREPRENEURSHIP AND GLOBALIZATION | ||
| 260 |
_c2009 _aLos Angeles _bSage Publications |
||
| 300 | _axlvi, : 365 : p. : cm. ; 24 | ||
| 365 |
_cBPS _b25 |
||
| 999 |
_c15599 _d15599 |
||